LEADER 00768nam0 2200241 450 001 000005710 005 20050204142718.0 010 $a88-810-7129-0 100 $a20050204d2002----km-y0itay50------ba 101 0 $aita 102 $aIT 200 1 $aAver cura$epedagogia speciale e territori di confine$fPatrizia Gaspari$gintroduzione di Andrea Canevaro 210 $aMilano$cGuerini scientifica$d2002 215 $a222 p.$d21 cm 610 1 $aPedagogia speciale$amanuale per educatori professionali 676 $a361.3 700 1$aGaspari,$bPatrizia$0527421 702 1$aCanevaro,$bAndrea 801 0$aIT$bUNIPARTHENOPE$c20050204$gRICA$2UNIMARC 912 $a000005710 951 $cNAVA1$a361-A/1$b37298$d20050204 996 $aAver cura$91206252 997 $aUNIPARTHENOPE LEADER 01654oam 2200433 450 001 9910705131103321 005 20140310075130.0 035 $a(CKB)5470000002448048 035 $a(OCoLC)861718163 035 $a(EXLCZ)995470000002448048 100 $a20131029d2013 ua 0 101 0 $aeng 135 $aurmn||||||||| 181 $ctxt$2rdacontent 182 $cc$2rdamedia 183 $acr$2rdacarrier 200 10$aClimate change $eState should further improve Its reporting on financial support to developing countries to meet future requirements and guidelines : report to the Ranking Member, Committee on Foreign Relations, U.S. Senate 210 1$a[Washington, D.C.] :$cUnited States Government Accountability Office,$d2013. 215 $a1 online resource (iii, 47 pages) $ccolor illustrations 300 $aTitle from title screen (viewed Sept. 26, 2013). 300 $a"September 2013." 300 $a"GAO-13-829." 320 $aIncludes bibliographical references. 517 $aClimate change 606 $aClimate change mitigation$zDeveloping countries$xFinance 606 $aGreenhouse gas mitigation$zDeveloping countries$xFinance 606 $aEconomic assistance, American$zDeveloping countries 615 0$aClimate change mitigation$xFinance. 615 0$aGreenhouse gas mitigation$xFinance. 615 0$aEconomic assistance, American 712 02$aUnited States.$bCongress.$bSenate.$bCommittee on Foreign Relations, 801 0$bOVP 801 1$bOVP 801 2$bOCLCO 801 2$bGPO 906 $aBOOK 912 $a9910705131103321 996 $aClimate change$9250420 997 $aUNINA